Top selling Car Brands - Europe - Statistics

General Stats
  • This quiz has been taken 2,472 times
    2,466 since last reset
  • The average score is 27 of 39
Answers on the Map
Answers color-coded by a green-red scale on the quiz's map according to % correct below.
 
Answer Stats
Country
% Correct
Volkswagen
87%
Volkswagen
87%
Volkswagen
87%
Volkswagen
87%
BMW
85%
Toyota
84%
Toyota
84%
Toyota
84%
Toyota
84%
Toyota
84%
Toyota
84%
Toyota
84%
Toyota
84%
Toyota
84%
Toyota
84%
Volkswagen
83%
Fiat
79%
Fiat
79%
Ford
76%
Peugeot
73%
Volvo
73%
Skoda
68%
Skoda
68%
Skoda
68%
Skoda
68%
Renault
67%
Hyundai
61%
Nissan
54%
Kia
51%
Lada
50%
Lada
50%
Tesla
48%
Tesla
48%
Dacia
46%
Dacia
46%
Dacia
46%
Dacia
46%
Dacia
46%
Suzuki
29%
No matching quizzes found
Score Distribution
Percent of People with Each Score
Percentile by Number Answered
Your Score History
You have not taken this quiz since the last reset